| 000 | 01002nas a2200325 4500 | ||
|---|---|---|---|
| 001 | BR2012007620 | ||
| 003 | BR-BrBNA | ||
| 005 | 20231205121254.0 | ||
| 007 | ta | ||
| 008 | 230509b bl.|||p| |||| 00| 00por d | ||
| 040 |
_aBR-BrBNA _bpor _cBiblioteca Nacional de Agricultura |
||
| 041 | _a(Pt) | ||
| 072 | _aF30 | ||
| 100 | 1 | _aCoimbra, J.L.M. | |
| 100 | 1 | _aMarchioro, V.S. | |
| 100 | 1 | _aLonrecetti, C. | |
| 100 | 1 | _aAzevedo, R. de | |
| 100 | 1 | _aCarvalho, F.I.F. de | |
| 100 | 1 | _aOliveira, A.C. de | |
| 100 | 1 | _aCosta, F.L.C. da | |
| 245 | 1 | _aComparação dos efeitos de agentes mutagênicos na geração M em genótipos fixos de aveia (Avena sativa L.) | |
| 650 | _aAVEIA | ||
| 650 | _aAVENA SATIVA | ||
| 650 | _aGENÓTIPO | ||
| 650 | _aMUTAGÊNICO | ||
| 650 | _aMÉTODO ESTATÍSTICO | ||
| 773 | 0 |
_tRevista Brasileira de Agrociência (Brazil) _xISSN 0104-8996 _g(Jan-Apr 1999), v. 5(1) p. 12-18 _wBR2012007620 |
|
| 909 |
_a202311 _bLúcia _c55 _dLúcia Elande |
||
| 942 |
_2AGRIS _n0 _cANA |
||
| 999 |
_c222674 _d222674 |
||